| 000 | 01361nam a2200277 a 4500 | ||
|---|---|---|---|
| 005 | 20240516131436.0 | ||
| 008 | 100831s2012||||sp d f |||| 001 0 spa d | ||
| 020 | _a9788497843096 | ||
| 041 | _hspa | ||
| 092 |
_c300.1 _l15 _sDEN |
||
| 100 | 1 |
_aDenzin, Norman K. _eComp. _91995 |
|
| 245 |
_aManual de investigación científica. _bVol.2 Paradigmas y perspectivas en disputa / _cNorman K. Denzin |
||
| 250 |
_a1a ed. _bTraducción Verónica Weinstabl de Iraola |
||
| 260 |
_aBarcelona: _bGedisa; _c2011. |
||
| 300 | _a380 p. | ||
| 500 | _aDenzin, N. K. y Lincoln, Y. S. (Comps.). (2011). Manual de investigación cualitativa. Vol. 2 Paradigmas y perspectivas en disputa. (1a ed.). Barcelona : Gedisa. | ||
| 653 | _aControversias paradigmáticas, contradicciones y confluencias emergentes | ||
| 653 | _aEtnografía crítica. La política de la colaboración | ||
| 653 | _aInvestigación cualitativa feminista de principios del milenio. Desafios y perfiles | ||
| 653 | _aPapel activista moral de los estudiosos de la teoría crítica de la raza | ||
| 653 | _aReplanteo de la teoría crítica y de la investigación cualitativa | ||
| 653 | _aMetodologías para los estudios culturales. Un enfoque integrador | ||
| 653 | _aHumanismo crítico y la teoría queer. Vivir con las tensiones | ||
| 700 | 1 |
_aLincoln, Yvonna S. _91996 _eComp. |
|
| 942 |
_2ddc _cBK |
||
| 999 |
_c1279 _d1279 |
||